000 00339 a2200157 4500
001 153300
040 _cEscola São Tomás de Aquino
100 _aMATTOS, Amir
240 1 0 _aInvenções
_lpor
245 1 0 _aInvenções
300 _a115
362 0 _a2001
440 1 _aEditora leitura
697 _a*LITERATURA JUVENIL
942 _cBK
999 _c153300
_d153300